| 000 | 01647nam0a2200349 4500 | ||
|---|---|---|---|
| 001 | RU\NLR\bibl\605766 | ||
| 005 | 20260406042359.0 | ||
| 010 |
_a5-7944-0457-4 _9500 |
||
| 021 |
_aRU _b2004-74502 _93674 |
||
| 035 | _a(NLR Aleph) 000597690 | ||
| 090 |
_a1753174 _c1753174 |
||
| 100 | _a20050203d2004 |||y0rusy50 ca | ||
| 101 | 0 | _arus | |
| 102 | _aRU | ||
| 105 | _ay ||||||||| | ||
| 135 | _acrgn 008anaba | ||
| 200 | 1 |
_aДинамика синтетических форм в русской культуре, XIX и XX веков _fН. Н. Гашева _gМ-во образования и науки Рос. Федерации, ГОУ ВПО "Перм. гос. ун-т", Перм. гос. ин-т искусства и культуры |
|
| 210 |
_aПермь _cПГИИК _d2004 |
||
| 215 |
_a360 с. _d20 |
||
| 320 | _aБиблиогр.: с. 336-360 | ||
| 325 | 1 | _aКопия доступна в электронной библиотеке РНБ | |
| 607 |
_aРоссия _xКультура _z19 - 20 вв. _92079146 _3RU\NLR\auth\661255019 |
||
| 686 | _aТ3(2)5-7 | ||
| 700 | 1 |
_4070 _8rus _7ca _aГашева _bН. Н. _gНадежда Николаевна _3RU\NLR\auth\772613 _9112623 |
|
| 801 | 0 |
_aRU _bNLR _c20050203 _grcr |
|
| 801 | 1 |
_aRU _bNLR _c20050203 |
|
| 901 | _eКнижные издания | ||
| 942 | _cBOOK | ||
| 980 | _aNB | ||
| 981 | 1 | 3 |
_a(13) Документы, защищенные авторским правом _b(13) Современная научная, научно-популярная и популярная л |